[Event "9.Offene Senioren SH 2015"]
[Site "Buesum"]
[Date "2015.10.02"]
[Round "5.28"]
[White "Lueders, Guenter"]
[Black "Schnaitmann, Herbert"]
[Result "1/2-1/2"]
[WhiteElo "1796"]
[BlackElo "1995"]
[PlyCount "50"]
[EventDate "2015.??.??"]
[WhiteTeam "TSV Benshausen"]
[BlackTeam "SC Grunbach"]

1. d4 g6 2. Nf3 Bg7 3. Bf4 d6 4. e3 Nf6 5. h3 O-O 6. Be2 b6 7. O-O Bb7 8. Nbd2
Nbd7 9. c3 Qe8 10. Rc1 a6 11. Re1 e5 12. dxe5 dxe5 13. Bh2 Rd8 14. Qc2 Nd5 15.
Red1 Kh8 16. a3 f5 17. Nf1 e4 18. N3d2 c5 19. Nc4 Ne5 20. Nxe5 Bxe5 21. Bxe5+
Qxe5 22. Nd2 b5 23. Nb3 f4 24. Bf1 fxe3 25. fxe3 c4 1/2-1/2

[Event "9.Offene Senioren SH 2015"]
[Site "Buesum"]
[Date "2015.10.02"]
[Round "5.29"]
[White "Weyrauch, Erich"]
[Black "Schmidt, Reinhard"]
[Result "1-0"]
[WhiteElo "2153"]
[BlackElo "1919"]
[PlyCount "51"]
[EventDate "2015.??.??"]
[WhiteTeam "SV Ruhrspringer"]
[BlackTeam "SFO Warnemuende"]

1. e4 c5 2. Nf3 e6 3. d4 cxd4 4. Nxd4 Bc5 5. Nb3 Be7 6. Nc3 Nc6 7. Be3 Nf6 8.
Be2 d5 9. exd5 Nxd5 10. Nxd5 exd5 11. O-O O-O 12. Qd2 Be6 13. Rfd1 Qc7 14. c3
Rad8 15. g3 Rd7 16. Bf3 Ne5 17. Bg2 Nc4 18. Qe2 Nxe3 19. Qxe3 b6 20. Rd2 Bf6 21.
Nd4 Bxd4 22. Rxd4 Rfd8 23. Rad1 g6 24. Qh6 Qe5 25. Qd2 Rc8 26. Bxd5 1-0

[Event "9.Offene Senioren SH 2015"]
[Site "Buesum"]
[Date "2015.10.02"]
[Round "5.30"]
[White "Opitz, Christian"]
[Black "Merettig, Georg"]
[Result "0-1"]
[WhiteElo "2016"]
[BlackElo "1880"]
[PlyCount "96"]
[EventDate "2015.??.??"]
[WhiteTeam "SK Radolfzell"]
[BlackTeam "SV Caissa Wolfenbuettel"]

1. e4 Nc6 2. d4 e5 3. Nf3 exd4 4. Nxd4 Bc5 5. Be3 Qf6 6. c3 Nge7 7. Nf5 Qe5 8.
Nxg7+ Kd8 9. Bxc5 Qxc5 10. Qh5 Qd6 11. Nf5 Qf4 12. Ne3 Ng6 13. Nd2 Nce7 14. g3
Qf6 15. f4 Qb6 16. Nec4 Qf6 17. O-O-O b5 18. Qxb5 Ba6 19. Qc5 Nf8 20. Bg2 Bb7
21. Rhe1 Qa6 22. a3 Rb8 23. Ne5 Ke8 24. Bf1 Ne6 25. Qf2 Qa4 26. f5 Ng5 27. Qf4
f6 28. Ng4 Rf8 29. Qxc7 Kf7 30. Qc4+ Qxc4 31. Bxc4+ Kg7 32. Nf2 Rfc8 33. Ba2 Nc6
34. Nc4 Nf3 35. Rxd7+ Kf8 36. Red1 Ba6 37. Nd6 Rd8 38. Rf7+ Kg8 39. Rxa7+ Kf8
40. Rxa6 Nce5 41. Nd3 Ng4 42. Nf4 Ng5 43. h4 Ne3 44. Rd3 Rxd6 45. Raxd6 Nxe4 46.
Ne6+ Ke7 47. Rd7+ Ke8 48. Nc7+ Kf8 0-1

[Event "9.Offene Senioren SH 2015"]
[Site "Buesum"]
[Date "2015.10.02"]
[Round "5.31"]
[White "Liphardt, Bodo"]
[Black "Kluger, Hans-Peter"]
[Result "1-0"]
[WhiteElo "1892"]
[BlackElo "2015"]
[PlyCount "81"]
[EventDate "2015.??.??"]
[WhiteTeam "SC Novartis Basel"]
[BlackTeam "SF Fallersleben"]

1. e4 c6 2. d4 d5 3. e5 Bf5 4. c3 Nd7 5. Be3 e6 6. Nd2 c5 7. Bb5 cxd4 8. cxd4 a6
9. Ba4 b5 10. Bc2 Ne7 11. f4 Bxc2 12. Qxc2 Rc8 13. Qd1 Nf5 14. Bf2 Qc7 15. Ngf3
Bb4 16. O-O O-O 17. Rc1 Qb7 18. Qb3 Ba5 19. g4 Ne7 20. Qa3 Bxd2 21. Nxd2 Nb6 22.
Qd3 Nc4 23. b3 Nb6 24. f5 Qd7 25. f6 Ng6 26. Qe3 gxf6 27. exf6 e5 28. Rxc8 Rxc8
29. dxe5 Qxg4+ 30. Kh1 Qh5 31. Qxb6 Qxe5 32. Qxa6 Qe8 33. Re1 Qd7 34. Qb6 h6 35.
Qd4 Rc6 36. Rg1 Qf5 37. Qe3 Rxf6 38. Qe8+ Kg7 39. Bd4 Qd3 40. Qe5 Kf8 41. Qxf6
1-0

[Event "9.Offene Senioren SH 2015"]
[Site "Buesum"]
[Date "2015.10.02"]
[Round "5.32"]
[White "Ophoff, Rigobert"]
[Black "Bordasch, Christian"]
[Result "1/2-1/2"]
[WhiteElo "2009"]
[BlackElo "1798"]
[PlyCount "44"]
[EventDate "2015.??.??"]
[WhiteTeam "Rhedaer SV"]
[BlackTeam "SK Norderstedt"]

1. d4 Nf6 2. c4 e6 3. g3 d5 4. Bg2 Be7 5. Nf3 O-O 6. O-O Nbd7 7. Qc2 dxc4 8.
Qxc4 Rb8 9. Nc3 a6 10. a4 Nb6 11. Qb3 Nbd5 12. Ne5 Qd6 13. Nc4 Qb4 14. Qxb4 Nxb4
15. Bf4 Ne8 16. Rfd1 Nd6 17. Nxd6 Bxd6 18. Bxd6 cxd6 19. Ne4 d5 20. Nc3 Bd7 21.
e3 Rbc8 22. Bf1 Nc6 1/2-1/2

[Event "9.Offene Senioren SH 2015"]
[Site "Buesum"]
[Date "2015.10.02"]
[Round "5.33"]
[White "Smits, Oswald"]
[Black "Lehmann, Erwin"]
[Result "0-1"]
[WhiteElo "1866"]
[BlackElo "2001"]
[PlyCount "120"]
[EventDate "2015.??.??"]
[WhiteTeam "SF Taunus"]
[BlackTeam "Ahrensburger TSV"]

1. d4 d5 2. Nf3 Bf5 3. Nbd2 Nf6 4. Nh4 Bd7 5. e3 e6 6. Bd3 c5 7. c3 Nc6 8. O-O
Be7 9. Nhf3 Qc7 10. dxc5 Bxc5 11. e4 Ne5 12. Nxe5 Qxe5 13. Nf3 Qc7 14. exd5 Nxd5
15. a3 Be7 16. Qc2 h6 17. Re1 Bf6 18. Bf1 O-O 19. Re4 e5 20. Re1 Rac8 21. Qe4
Rfe8 22. Qxd5 Bc6 23. Qd1 Rcd8 24. Qe2 e4 25. Nd2 e3 26. fxe3 Be5 27. Nf3 Bd6
28. Qf2 Re6 29. Kh1 Rf6 30. e4 Bxh2 31. e5 Bxe5 32. Qe2 Bg3 33. Rd1 Re8 34. Be3
Rfe6 35. Rd3 Qe7 36. Rad1 Rxe3 37. Rxe3 Qxe3 38. Qxe3 Rxe3 39. Rd3 Rxd3 40. Bxd3
Bf4 41. b3 Kf8 42. Kg1 Bg3 43. Kf1 Ke7 44. Nd4 Bd7 45. Bf5 Be5 46. Bxd7 Kxd7 47.
Ne2 b5 48. Kf2 h5 49. Kf3 g5 50. Ke4 Ke6 51. Ke3 f5 52. Kf3 h4 53. Kf2 g4 54.
Kf1 Kd5 55. Ke1 h3 56. gxh3 gxh3 57. Kf1 f4 58. Kf2 Ke4 59. Nd4 Bxd4+ 60. cxd4
Kxd4 0-1

[Event "9.Offene Senioren SH 2015"]
[Site "Buesum"]
[Date "2015.10.02"]
[Round "5.34"]
[White "Niebuhr, Gerd"]
[Black "Eberhardt, Michael"]
[Result "1-0"]
[WhiteElo "1999"]
[BlackElo "1795"]
[PlyCount "81"]
[EventDate "2015.??.??"]
[WhiteTeam "Freibauer Wedemark"]
[BlackTeam "SC Agon Neumuenster"]

1. d4 Nf6 2. c4 e6 3. Nf3 b6 4. a3 Ba6 5. Qc2 Be7 6. Nc3 Bxc4 7. e4 Bxf1 8. Rxf1
O-O 9. Bg5 h6 10. Bh4 c5 11. O-O-O Re8 12. Kb1 d5 13. Bxf6 Bxf6 14. exd5 cxd4
15. Nb5 Na6 16. dxe6 Rc8 17. exf7+ Kxf7 18. Qb3+ Kf8 19. Nbxd4 Qd7 20. Qb5 Qxb5
21. Nxb5 Re7 22. Rfe1 Rce8 23. b4 Nc7 24. Rxe7 Rxe7 25. Nxa7 Ne6 26. Nb5 Nf4 27.
g3 Ne6 28. Rd6 Ng5 29. Nxg5 Re1+ 30. Kc2 hxg5 31. Rd2 Re7 32. Nc3 g4 33. Nd5 Bg5
34. Ne3 Bxe3 35. fxe3 Rxe3 36. Rd3 Re2+ 37. Kc3 b5 38. Kd4 Rxh2 39. Kc5 Rf2 40.
Kxb5 Rf3 41. Kc4 1-0

[Event "9.Offene Senioren SH 2015"]
[Site "Buesum"]
[Date "2015.10.02"]
[Round "5.35"]
[White "Krotofil, Kurt"]
[Black "Kolkwitz, Klaus"]
[Result "1-0"]
[WhiteElo "1986"]
[BlackElo "1849"]
[PlyCount "123"]
[EventDate "2015.??.??"]
[WhiteTeam "Niendorfer TSV"]
[BlackTeam "ESV Eberswalde"]

1. d4 g6 2. c4 d6 3. Nf3 Bg7 4. Nc3 Nd7 5. e4 e5 6. Bg5 Ngf6 7. dxe5 dxe5 8. Qd3
c6 9. Qd6 Qe7 10. Qc7 O-O 11. O-O-O Re8 12. Be2 Nf8 13. Qxe7 Rxe7 14. Rd8 h6 15.
Be3 b6 16. h3 Bb7 17. Rhd1 N6d7 18. Rxa8 Bxa8 19. b4 Ne6 20. c5 Bb7 21. Na4 b5
22. Nc3 Ndf8 23. Kb2 Rd7 24. Rxd7 Nxd7 25. a4 a6 26. Nd2 Nd4 27. Bd1 g5 28. Nb3
Nxb3 29. Kxb3 Nf6 30. Bf3 Bc8 31. axb5 axb5 32. Be2 Kf8 33. Bf3 Ke8 34. Ne2 Be6+
35. Kc2 g4 36. hxg4 Bxg4 37. Ng3 Bxf3 38. gxf3 Bf8 39. Nf5 h5 40. Kd2 Kd7 41.
Bg5 Ng8 42. Ke3 Be7 43. Nxe7 Nxe7 44. f4 exf4+ 45. Bxf4 Ke6 46. Bg5 f6 47. Bh4
Ng6 48. Bg3 f5 49. f3 Ne5 50. Bxe5 Kxe5 51. f4+ Ke6 52. e5 h4 53. Kf2 Kd5 54.
Kf3 h3 55. Kg3 Kc4 56. e6 Kxb4 57. e7 Kxc5 58. e8=Q b4 59. Qf7 Kb5 60. Qxf5+ c5
61. Qd7+ Kc4 62. f5 1-0

[Event "9.Offene Senioren SH 2015"]
[Site "Buesum"]
[Date "2015.10.02"]
[Round "5.36"]
[White "Blosze, Winfried"]
[Black "Kuehn, Peter"]
[Result "1/2-1/2"]
[WhiteElo "1846"]
[BlackElo "1985"]
[PlyCount "36"]
[EventDate "2015.??.??"]
[WhiteTeam "SV Grossauheim"]
[BlackTeam "SV Malchow"]

1. e4 d6 2. d4 Nf6 3. Bd3 e5 4. c3 Nbd7 5. Ne2 g6 6. Bg5 Bg7 7. Na3 h6 8. Bd2
O-O 9. f3 Nh5 10. Qc2 Nb6 11. O-O-O exd4 12. Nxd4 c5 13. Ne2 Be6 14. Nf4 Nxf4
15. Bxf4 d5 16. exd5 Nxd5 17. Be4 Qf6 18. Bxd5 Qxf4+ 1/2-1/2

[Event "9.Offene Senioren SH 2015"]
[Site "Buesum"]
[Date "2015.10.02"]
[Round "5.37"]
[White "Brandt, Fred"]
[Black "Hellwege, Werner"]
[Result "0-1"]
[WhiteElo "1839"]
[BlackElo "1976"]
[PlyCount "58"]
[EventDate "2015.??.??"]
[WhiteTeam "Koenigsjaeger Sued-West"]
[BlackTeam "SK Lister Turm"]

1. d4 Nf6 2. Nf3 g6 3. e3 Bg7 4. Bd3 O-O 5. O-O d6 6. Nbd2 Nbd7 7. c3 e5 8. h3
Re8 9. dxe5 dxe5 10. e4 Nc5 11. Bc2 a5 12. Qe2 b6 13. b3 Bb7 14. Ba3 Ba6 15. c4
Ne6 16. g3 Nd4 17. Nxd4 exd4 18. f3 Nh5 19. Kg2 Qg5 20. Qf2 d3 21. f4 Qd8 22.
Bd1 Bxa1 23. Bxh5 Bd4 24. Qf3 gxh5 25. Qxh5 Bg7 26. Qg4 Qf6 27. e5 Bb7+ 28. Kh2
Qg6 29. Qd7 Qc6 0-1

[Event "9.Offene Senioren SH 2015"]
[Site "Buesum"]
[Date "2015.10.02"]
[Round "5.38"]
[White "Jung, Michael"]
[Black "Kaufmann, Helmut"]
[Result "0-1"]
[WhiteElo "1828"]
[BlackElo "1959"]
[PlyCount "100"]
[EventDate "2015.??.??"]
[WhiteTeam "SV Osnabrueck"]
[BlackTeam "SK Eutingen"]

1. g3 g6 2. c4 Bg7 3. Bg2 e5 4. Nc3 c6 5. e4 Ne7 6. Nge2 O-O 7. O-O d6 8. d3 Be6
9. h3 Na6 10. Be3 Nc7 11. Qd2 d5 12. Bh6 dxc4 13. Bxg7 Kxg7 14. d4 f6 15. Rad1
exd4 16. Nxd4 Bf7 17. Qe3 Qe8 18. Rd2 Nc8 19. Rfd1 Nb6 20. Qf4 Qe5 21. Qe3 Ne6
22. f4 Qc7 23. f5 Nxd4 24. Rxd4 Rad8 25. fxg6 hxg6 26. Qd2 Rxd4 27. Qxd4 Qxg3
28. Rf1 Qe5 29. Qf2 Rd8 30. Qf3 Rd2 31. Rf2 Rd3 32. Qg4 Be6 33. Qe2 Bxh3 34. Qf1
Rg3 35. Kh1 Qh5 36. Kg1 Bxg2 37. Rxg2 Rh3 38. Qf4 Qe5 39. Qg4 Qd4+ 40. Rf2 Rh5
41. Qe2 Nd7 42. Qd2 Rg5+ 43. Kf1 Qd3+ 44. Qe2 Ne5 45. a4 Qh3+ 46. Ke1 Nd3+ 47.
Kd2 Nxf2 48. Qxc4 Rg2 49. Kc2 Nxe4+ 50. Kb3 Nd2+ 0-1

[Event "9.Offene Senioren SH 2015"]
[Site "Buesum"]
[Date "2015.10.02"]
[Round "5.39"]
[White "Nowack, Achim"]
[Black "Hagermann, Hermann"]
[Result "0-1"]
[WhiteElo "1798"]
[BlackElo "1949"]
[PlyCount "89"]
[EventDate "2015.??.??"]
[WhiteTeam "SK Kaltenkirchen"]
[BlackTeam "SV Erkenschwick"]

1. e4 e5 2. Nf3 Nc6 3. Bc4 Nf6 4. d3 Be7 5. c3 O-O 6. Nbd2 d5 7. exd5 Nxd5 8.
Nf1 Nf4 9. Ne3 Bc5 10. O-O Qd6 11. b4 Bxe3 12. Bxe3 Bg4 13. h3 Nxh3+ 14. gxh3
Bxh3 15. Ne1 Qg6+ 16. Kh2 Bxf1 17. Qf3 e4 18. Qg3 Qxg3+ 19. Kxg3 Ne5 20. Bd5
exd3 21. Nf3 Nxf3 22. Rxf1 Ne5 23. f4 c6 24. fxe5 cxd5 25. Rd1 Rfe8 26. Bd4 Re6
27. Rxd3 Ra6 28. Rd2 Re8 29. Kf4 Rae6 30. Rg2 b6 31. a4 h5 32. Ra2 Kh7 33. a5
Kh6 34. axb6 axb6 35. Ra7 g5+ 36. Kf5 f6 37. Rf7 fxe5 38. Be3 Rg6 39. Rd7 d4 40.
cxd4 exd4 41. Bxd4 Rf8+ 42. Ke5 h4 43. Be3 Re8+ 44. Kd4 h3 45. Rf7 0-1

[Event "9.Offene Senioren SH 2015"]
[Site "Buesum"]
[Date "2015.10.02"]
[Round "5.40"]
[White "Pamperin, Gerhard"]
[Black "Weck, Uwe"]
[Result "1-0"]
[WhiteElo "1948"]
[BlackElo "1697"]
[PlyCount "25"]
[EventDate "2015.??.??"]
[WhiteTeam "SF Schwerin"]
[BlackTeam "SK Kaltenkirchen"]

1. d4 Nf6 2. Nf3 d5 3. c4 e6 4. Nc3 c5 5. Bg5 Nbd7 6. cxd5 Qa5 7. dxe6 fxe6 8.
Bd2 cxd4 9. Nxd4 Qb6 10. e3 Bc5 11. Na4 Qc7 12. Nxe6 Qd6 13. Nxg7+ 1-0

[Event "9.Offene Senioren SH 2015"]
[Site "Buesum"]
[Date "2015.10.02"]
[Round "5.41"]
[White "Van Houten, Henk"]
[Black "Stecklina, Otto"]
[Result "1/2-1/2"]
[WhiteElo "1729"]
[BlackElo "1933"]
[PlyCount "71"]
[EventDate "2015.??.??"]
[WhiteTeam "SC Gronau"]
[BlackTeam "Freibauer Wedemark"]

1. b3 Nf6 2. Bb2 d5 3. e3 c6 4. a3 Bf5 5. d3 Nbd7 6. Nf3 Bg4 7. h3 Bh5 8. g4 Bg6
9. Bg2 e6 10. Ne5 Nxe5 11. Bxe5 Bd6 12. Bxd6 Qxd6 13. Nd2 O-O 14. h4 h6 15. g5
hxg5 16. hxg5 Nh7 17. Qg4 Qe5 18. O-O-O Qxg5 19. Qxg5 Nxg5 20. f4 Nh7 21. e4
Rad8 22. Rh4 f5 23. e5 a5 24. Rdh1 b6 25. Bf3 Rd7 26. Bh5 Bxh5 27. Rxh5 g6 28.
Rh6 Rg7 29. Nf3 Re8 30. Rg1 Kf7 31. Rgh1 Kg8 32. Rg1 Nf8 33. Ng5 Ree7 34. Rgh1
Nh7 35. Nxh7 Rxh7 36. Rxg6+ 1/2-1/2

[Event "9.Offene Senioren SH 2015"]
[Site "Buesum"]
[Date "2015.10.02"]
[Round "5.42"]
[White "Lehr, Thomas"]
[Black "Kreie, Guenter"]
[Result "1-0"]
[WhiteElo "1924"]
[BlackElo "1843"]
[PlyCount "56"]
[EventDate "2015.??.??"]
[WhiteTeam "Husumer SV"]
[BlackTeam "TuS Eichholz-Remmighausen"]

1. e4 e5 2. Nf3 Nc6 3. c3 d5 4. Qa4 Bd7 5. exd5 Nd4 6. Qd1 Nxf3+ 7. Qxf3 Nf6 8.
h3 Bd6 9. Bc4 c6 10. dxc6 Bxc6 11. Qe2 O-O 12. O-O e4 13. b4 Bc7 14. b5 Bd5 15.
Ba3 Bxc4 16. Qxc4 Re8 17. Bb4 Rc8 18. Qe2 Nd5 19. a3 Nf4 20. Qg4 g6 21. h4 h6
22. g3 h5 23. Qd1 Nd3 24. Kg2 Qd5 25. Qe2 Rcd8 26. Qe3 Bb6 27. Qe2 Qxb5 28. Kh3
Ne5 1-0

[Event "9.Offene Senioren SH 2015"]
[Site "Buesum"]
[Date "2015.10.02"]
[Round "5.43"]
[White "Gudat, Alfons"]
[Black "Krneta, Slavko"]
[Result "1-0"]
[WhiteElo "1969"]
[BlackElo "1871"]
[PlyCount "37"]
[EventDate "2015.??.??"]
[WhiteTeam "SK Oldenburg"]
[BlackTeam "FG Wohlde"]

1. Nf3 Nf6 2. d4 b6 3. c4 c6 4. Nc3 d5 5. e3 Bb7 6. Bd3 e6 7. O-O Nbd7 8. Bd2
Rc8 9. Rc1 Bd6 10. cxd5 cxd5 11. Nb5 Bb8 12. Bb4 e5 13. dxe5 Nxe5 14. Nxe5 Bxe5
15. Nxa7 Rxc1 16. Qa4+ Bc6 17. Nxc6 Bxh2+ 18. Kxh2 Rxf1 19. Bxf1 1-0

[Event "9.Offene Senioren SH 2015"]
[Site "Buesum"]
[Date "2015.10.02"]
[Round "5.44"]
[White "Zimmermann, Manfred"]
[Black "Westphal-Stubbe, Siegbert"]
[Result "1-0"]
[WhiteElo "1957"]
[BlackElo "1822"]
[PlyCount "61"]
[EventDate "2015.??.??"]
[WhiteTeam "Kieler SG"]
[BlackTeam "SG Ploener See"]

1. d4 e6 2. Nf3 b6 3. e4 d6 4. c4 c6 5. Be2 Be7 6. Nbd2 c5 7. d5 e5 8. O-O f5 9.
exf5 Bxf5 10. h3 Nf6 11. Nh2 O-O 12. Ng4 Nbd7 13. Ne3 Bg6 14. Nf3 Qe8 15. Ng5
Bf7 16. Nf5 e4 17. Ne6 Bxe6 18. dxe6 Ne5 19. f4 exf3 20. Bxf3 Rd8 21. Bd5 Rc8
22. b3 Nxd5 23. Qxd5 Rd8 24. Bb2 Kh8 25. Rad1 Rf6 26. Rf2 Bf8 27. Bxe5 Rxe6 28.
Bc3 b5 29. cxb5 Qf7 30. Rdf1 Qd7 31. Nh6 1-0

[Event "9.Offene Senioren SH 2015"]
[Site "Buesum"]
[Date "2015.10.02"]
[Round "5.45"]
[White "Eschweiler, Gottfried"]
[Black "Bars, Joachim"]
[Result "0-1"]
[WhiteElo "1775"]
[BlackElo "1945"]
[PlyCount "78"]
[EventDate "2015.??.??"]
[WhiteTeam "SG Neuss"]
[BlackTeam "SV Heessen"]

1. Nf3 Nf6 2. g3 e6 3. Bg2 d5 4. d3 Bd6 5. Nbd2 Nbd7 6. O-O c6 7. Re1 e5 8. e4
d4 9. c3 c5 10. cxd4 cxd4 11. a3 O-O 12. b4 b6 13. Nc4 Bc7 14. Bb2 Bb7 15. Rc1
b5 16. Ncd2 Nb6 17. Nb3 Na4 18. Ba1 Nd7 19. Nh4 Bb6 20. Re2 Qf6 21. Rec2 Qe6 22.
Nd2 Rac8 23. Rxc8 Bxc8 24. Rc2 Nf6 25. Qc1 Bd7 26. Nf5 g6 27. Nh4 Nh5 28. Bf3
Ng7 29. Bg2 h6 30. Nhf3 Kh7 31. h4 Qe7 32. Nh2 Be6 33. Bf3 Qd7 34. g4 Bd8 35. g5
hxg5 36. Qd1 gxh4 37. Bg4 Bxg4 38. Nxg4 f6 39. Nf3 Qxg4+ 0-1

[Event "9.Offene Senioren SH 2015"]
[Site "Buesum"]
[Date "2015.10.02"]
[Round "5.46"]
[White "Fuss, Jan"]
[Black "Schencke, Guenther"]
[Result "1-0"]
[WhiteElo "1936"]
[BlackElo "1788"]
[PlyCount "63"]
[EventDate "2015.??.??"]
[WhiteTeam "Herforder SV Koenigsspringer"]
[BlackTeam "SV Hankensbuettel"]

1. e4 e6 2. d4 d5 3. Nd2 a6 4. Bd3 Nf6 5. e5 Nfd7 6. Ne2 c5 7. c3 Nc6 8. O-O b5
9. Nf3 Qb6 10. Bc2 cxd4 11. cxd4 Be7 12. Be3 f5 13. exf6 Nxf6 14. Rc1 Bd7 15.
Ne5 Qd8 16. Nxc6 Bxc6 17. Bg6+ Kd7 18. Bd3 Rc8 19. f3 Qb6 20. Qd2 Bb7 21. Nc3
Bc6 22. Ne4 Nxe4 23. fxe4 Rhf8 24. e5 h6 25. Qe2 Rxf1+ 26. Rxf1 Rf8 27. Rxf8
Bxf8 28. Bg6 Qd8 29. a3 Kc7 30. Qc2 Qe7 31. Bd2 Qd8 32. Ba5+ 1-0

[Event "9.Offene Senioren SH 2015"]
[Site "Buesum"]
[Date "2015.10.02"]
[Round "5.47"]
[White "Meinke, Dietlind"]
[Black "Reutimann, Hans Peter"]
[Result "1/2-1/2"]
[WhiteElo "1931"]
[BlackElo "1780"]
[PlyCount "144"]
[EventDate "2015.??.??"]
[WhiteTeam "MTV Leck"]
[BlackTeam "SC Duebendorf"]

1. e4 e6 2. Nc3 d5 3. Nf3 Bc5 4. d4 dxe4 5. Nxe4 Bd6 6. Bd3 Nd7 7. O-O Ngf6 8.
Nxd6+ cxd6 9. Bf4 Qb6 10. Rb1 O-O 11. c3 Re8 12. Re1 Nf8 13. Qc2 Bd7 14. Bg5 Bb5
15. Bxf6 Bxd3 16. Qxd3 gxf6 17. Qd2 Kg7 18. Re4 Qa5 19. Rh4 Qf5 20. Re1 d5 21.
Qh6+ Kg8 22. Rf4 Qg6 23. Rxf6 Qxh6 24. Rxh6 Kg7 25. Rh3 Nd7 26. Re3 Rh8 27. Ng5
h6 28. Nf3 Kf6 29. Ne1 Rag8 30. Nd3 Ke7 31. Rh5 Nf6 32. Rh4 Ne4 33. Reh3 Ng5 34.
Rg3 Rc8 35. Ne5 b5 36. a3 a5 37. Rf4 b4 38. axb4 axb4 39. h4 Ra8 40. Kf1 Ra1+
41. Ke2 Rb1 42. hxg5 Rxb2+ 43. Kd3 Rc8 44. Rxf7+ Ke8 45. Ke3 Rxc3+ 46. Kf4 Rxf2+
47. Rf3 hxg5+ 48. Kg3 Rd2 49. Rb7 Rxf3+ 50. Kxf3 Rb2 51. Nd3 Rd2 52. Ke3 Rxg2
53. Rxb4 Rg3+ 54. Ke2 Ke7 55. Ne5 Rg2+ 56. Kf3 Rd2 57. Kg4 Kf6 58. Nd7+ Kg6 59.
Nf8+ Kf6 60. Nd7+ Kg6 61. Ne5+ Kf6 62. Ra4 Rd1 63. Nd7+ Kg6 64. Nc5 Kf6 65. Nd7+
Ke7 66. Nc5 Kf6 67. Nb3 Rg1+ 68. Kf3 Kf5 69. Ra7 Rf1+ 70. Kg2 Rf4 71. Kg3 Rg4+
72. Kf3 Rf4+ 1/2-1/2

[Event "9.Offene Senioren SH 2015"]
[Site "Buesum"]
[Date "2015.10.02"]
[Round "5.48"]
[White "Schuller, Erhard"]
[Black "Perk, Egbert"]
[Result "0-1"]
[WhiteElo "1733"]
[BlackElo "1916"]
[PlyCount "72"]
[EventDate "2015.??.??"]
[WhiteTeam "SV Morsbach"]
[BlackTeam "SK Lister Turm"]

1. e4 d6 2. d4 Nf6 3. Nc3 c6 4. Be2 Qc7 5. Nf3 e5 6. O-O Be7 7. h3 O-O 8. Bg5 b5
9. Bxf6 Bxf6 10. d5 b4 11. Na4 cxd5 12. exd5 Bd7 13. c4 a5 14. Nd2 Be7 15. Bd3
f5 16. Bc2 Na6 17. Re1 Rf7 18. b3 Raf8 19. Nb2 e4 20. Nf1 Bf6 21. Rb1 Nc5 22.
Ng3 g6 23. f3 Be5 24. Nf1 Bc3 25. fxe4 fxe4 26. Nd2 Qb6 27. Kh2 Rf2 28. Re2 e3
29. Ne4 Nxe4 30. Bxe4 Rxe2 31. Qxe2 Rf2 32. Na4 Bxa4 33. Qg4 Be5+ 34. Kh1 Be8
35. Bf3 Bf7 36. a4 Qd4 0-1

[Event "9.Offene Senioren SH 2015"]
[Site "Buesum"]
[Date "2015.10.02"]
[Round "5.49"]
[White "Gehrmann, Dorit"]
[Black "Garms, Ilse"]
[Result "1/2-1/2"]
[WhiteElo "1915"]
[BlackElo "1745"]
[PlyCount "106"]
[EventDate "2015.??.??"]
[WhiteTeam "SV Eutin"]
[BlackTeam "ESV Eberswalde"]

1. e4 c5 2. Nf3 d6 3. d4 Nf6 4. Nc3 cxd4 5. Nxd4 Nc6 6. Be2 g6 7. Be3 Bg7 8. f3
Nxd4 9. Bxd4 O-O 10. O-O Bd7 11. Be3 Bc6 12. Qe1 e6 13. Qf2 b6 14. Rfd1 Qc7 15.
Bf4 Rfd8 16. Bg5 h6 17. Bf4 g5 18. Be3 d5 19. exd5 Nxd5 20. Nxd5 Rxd5 21. Rxd5
Bxd5 22. c3 Bc4 23. Bd1 Rd8 24. f4 f6 25. a3 Bb5 26. f5 e5 27. a4 Be8 28. a5 Rb8
29. axb6 axb6 30. Bc2 Bf7 31. Be4 Bf8 32. Ra6 b5 33. Rxf6 Bg7 34. Ra6 Qd7 35.
Ra1 Bf6 36. h3 Rc8 37. Qc2 b4 38. Ra7 Qd6 39. Ra1 bxc3 40. bxc3 Qc7 41. Ra8 Rxa8
42. Bxa8 Qc4 43. Be4 Be7 44. Bd3 Qc6 45. c4 Bc5 46. Bxc5 Qxc5+ 47. Qf2 Qd6 48.
Qe3 Kg7 49. Kf1 Kf6 50. c5 Qc6 51. Kf2 Bd5 52. g4 Qc7 53. Bf1 Qc6 1/2-1/2

[Event "9.Offene Senioren SH 2015"]
[Site "Buesum"]
[Date "2015.10.02"]
[Round "5.50"]
[White "Duijker, Bert"]
[Black "Moeller, Peter"]
[Result "0-1"]
[WhiteElo "1907"]
[BlackElo "1735"]
[PlyCount "68"]
[EventDate "2015.??.??"]
[WhiteTeam "Veenendaal"]
[BlackTeam "ASV Wismar"]

1. Nf3 d5 2. g3 g6 3. Bg2 Bg7 4. d4 Nf6 5. O-O O-O 6. Nbd2 c6 7. c4 Bg4 8. h3
Bxf3 9. Bxf3 e6 10. Qc2 Nbd7 11. e3 Re8 12. b3 Qc8 13. Bb2 Nb6 14. Rac1 Qd7 15.
Rfd1 Rad8 16. a4 a6 17. Bc3 Rb8 18. Kg2 Nc8 19. e4 dxe4 20. Bxe4 Nd6 21. Bf3 Kh8
22. c5 Nf5 23. Nc4 Nd5 24. Bxd5 Qxd5+ 25. Kh2 Qd8 26. Qe4 Qe7 27. g4 Qc7+ 28. f4
Ne7 29. Ba5 Qd7 30. Nb6 Qd8 31. b4 Nd5 32. Nc4 Qh4 33. Rf1 Nf6 34. Ne5 Nxe4 0-1

[Event "9.Offene Senioren SH 2015"]
[Site "Buesum"]
[Date "2015.10.02"]
[Round "5.51"]
[White "Schwetje, Siegfried"]
[Black "Graffenberger, Wilhelm"]
[Result "1/2-1/2"]
[WhiteElo "1906"]
[BlackElo "1730"]
[PlyCount "97"]
[EventDate "2015.??.??"]
[WhiteTeam "SC Bad Salzdetfurth"]
[BlackTeam "Hamburger SK"]

1. d4 Nf6 2. c4 c5 3. e3 cxd4 4. exd4 g6 5. Nc3 Bg7 6. Nf3 O-O 7. Be2 d5 8. h3
Nc6 9. O-O Bf5 10. Be3 Nb4 11. Rc1 Ne4 12. a3 Nxc3 13. Rxc3 Nc6 14. Qd2 Re8 15.
Rd1 Rc8 16. cxd5 Qxd5 17. Bc4 Qd8 18. Bb5 Qa5 19. Qe2 Be4 20. Bc4 Bd5 21. Rdc1
e6 22. b4 Qd8 23. Bb5 a6 24. Bxc6 Rxc6 25. Rxc6 Bxc6 26. Ne5 Bxe5 27. dxe5 Qd5
28. f4 Qb3 29. Ra1 Bb5 30. Qd2 Rc8 31. Bc5 Qc4 32. Rd1 h5 33. Qf2 Qb3 34. Ra1
Qc3 35. Bd4 Qc4 36. Be3 Qe4 37. Ra2 Qb1+ 38. Kh2 Qe4 39. Bc5 Bc6 40. Rd2 Bd5 41.
a4 Kh7 42. a5 g5 43. Rd4 Qf5 44. Qe3 Rg8 45. g3 Qb1 46. Rxd5 exd5 47. fxg5 Qc2+
48. Kg1 Qb1+ 49. Kh2 1/2-1/2

[Event "9.Offene Senioren SH 2015"]
[Site "Buesum"]
[Date "2015.10.02"]
[Round "5.52"]
[White "Bendisch, Juergen"]
[Black "Ungar, Benedict"]
[Result "1/2-1/2"]
[WhiteElo "1901"]
[BlackElo "1690"]
[PlyCount "48"]
[EventDate "2015.??.??"]
[WhiteTeam "SV Hennef"]
[BlackTeam "Delmenhorster SK"]

1. d4 Nc6 2. e4 e5 3. d5 Nce7 4. Be3 Ng6 5. Nf3 Nf6 6. Bd3 Ng4 7. Bd2 Bc5 8. O-O
d6 9. h3 Nf6 10. Nc3 a6 11. Qe1 O-O 12. Be3 Bxe3 13. Qxe3 h6 14. Ne2 Nh5 15. Kh2
Qd7 16. Nfg1 Qe7 17. g3 Bd7 18. Nc3 Nf6 19. Be2 Nh7 20. Bh5 Nf6 21. Bf3 Nh7 22.
Bg2 b5 23. a3 a5 24. f3 Qg5 1/2-1/2

[Event "9.Offene Senioren SH 2015"]
[Site "Buesum"]
[Date "2015.10.02"]
[Round "5.53"]
[White "Stratmann, Dietrich"]
[Black "Nickel, Juergen"]
[Result "1/2-1/2"]
[WhiteElo "1677"]
[BlackElo "1899"]
[PlyCount "111"]
[EventDate "2015.??.??"]
[WhiteTeam "SC Northeim"]
[BlackTeam "Flensburger SK"]

1. d4 Nf6 2. Nf3 g6 3. Nc3 Bg7 4. e4 d6 5. Be2 O-O 6. h3 c6 7. Bf4 Qa5 8. Qd2
Nfd7 9. Bh6 b5 10. Bxg7 Kxg7 11. O-O b4 12. Nd1 Qb6 13. Ne3 Nf6 14. Bd3 d5 15.
exd5 cxd5 16. c4 bxc3 17. bxc3 Ba6 18. Rfb1 Qd6 19. Bxa6 Qxa6 20. Ng4 Nxg4 21.
hxg4 Nd7 22. Qe3 e6 23. g5 Qd6 24. Ne5 Nxe5 25. dxe5 Qc7 26. Rb4 Rfc8 27. Rc1
Rab8 28. Rh4 Rh8 29. Rb4 Rhc8 30. Rxb8 Rxb8 31. Qd4 Rc8 32. g3 Qc5 33. Qxc5 Rxc5
34. f4 Kf8 35. Kf2 Ke8 36. Ke2 Kd7 37. Kd3 Rc4 38. Rb1 Kc7 39. Rb4 Rxb4 40. cxb4
a5 41. b5 a4 42. Kc3 Kb6 43. Kb4 d4 44. Kxa4 Kc5 45. Kb3 Kxb5 46. a4+ Kc5 47. a5
d3 48. a6 d2 49. Kc2 d1=Q+ 50. Kxd1 Kb6 51. a7 Kxa7 52. Kd2 Kb6 53. Kd3 Kc5 54.
Kc3 Kd5 55. Kd3 Kc5 56. Kc3 1/2-1/2